000 00527nam a22001577a 4500
005 20251108165515.0
008 250721s1993 xx 000 0 ara d
082 1 4 _aم/811.962/محم
100 1 _aغنيم، محمود
245 1 0 _aالأعمال الكامله: الدواوين الثلاثة :
_bصرخه في واد، في ظلال الثوره /
264 1 _aالقاهرة :
_bدار الغد العربي،
_c1993.
300 _a932ص0
650 1 7 _aالشعر العربي
942 _2ddc
_cREF
999 _c29553
_d29553